Advanced algebra (Record no. 6708)

MARC details
000 -LEADER
fixed length control field 01177nam a22001457a 4500
020 ## - INTERNATIONAL STANDARD BOOK NUMBER
ISBN 0673458040
050 ## - CALL NUMBER
Classification number QA154.3
Item number .D84
100 ## - AUTHOR
Personal name Sharon L Senk
245 ## - TITLE
Title Advanced algebra
Statement of responsibility, etc Sharon L Senk
260 ## - PUBLICATION INFORMATION
Place of publication Glenview, Ill. : , .
Name of publisher ScottForesman
Year of publication 1995-1996
300 ## - DESCRIPTION
Number of Pages x, 950 pages : ;
Other physical details illustrations
Dimensions 27 cm
Accompanying material + 2 teacher's manuals + teaching materials (8 volumes).
500 ## - NOTES
General note "The University of Chicago School Mathematics Project."<br/>Assessment sourcebook has 1995 copyright. All other vols. copyright 1996.<br/>Includes Student ed. [v. 1] ; Teacher's ed., pt. 1 & 2 [v. 2] ; Answer masters [v. 3] ; Assessment sourcebook [v. 4] ; Lesson masters A [v. 5] ; Lesson masters B [v. 6] ; Teaching aid masters [v. 7] ; Technology sourcebook [v. 8] ; Activity kit (sourcebook, transparencies, geometry template) [v. 9] ; Solution manual [v. 10].
505 ## - FORMATTED CONTENTS NOTE
Table of Content Functions --<br/>Variation and graphs --<br/>Linear functions and sequences --<br/>Matrices --<br/>Systems --<br/>Quadratic functions --<br/>Powers --<br/>Inverses and radicals --<br/>Exponential and logarithmic functions --<br/>Basic ideas of trigonometry --<br/>Polynomials --<br/>Quadratic relations --<br/>Series and combinations.
942 ## - ADDED ENTRY ELEMENTS (KOHA)
Koha item type Books
Holdings
Withdrawn status Lost status Collection code Home library Current library Shelving location Date acquired Full call number Accession Number Koha item type
    Reference Methodist University Library Main Methodist University Library Main General Stacks 12/11/2019 QA154.3 .D84 14970 Books
Copyright © 2026  MUG Library